| 000 | 02399cab a2200325Ia 45 0 | ||
|---|---|---|---|
| 001 | u205635 | ||
| 003 | SIRSI | ||
| 008 | 110216s2013 ua ss b eng d | ||
| 040 | _aEAL | ||
| 041 |
_aeng _bara |
||
| 090 | _aART ZJAR V40 No2 3 | ||
| 100 | 1 | _aHegazy, Mohamed I. | |
| 240 | 1 | 0 |
_aZagazig journal of agricultural research, 2013 v. 40 (2) _h[electronic resource]. |
| 245 | 1 | 0 |
_aEvaluation of compost and compost extract efficiency as bio-control agents on damping-off disease incidence of fenugreek (Trigonella foenum-greacum _h[electronic resource]. |
| 246 | 1 | 5 | _aتقييم فاعلية الكمبوست ومستخلص الكمبوست كوسائل للمكافحة الحيوية على معدل حدوث مرض موت البادرات فى الحلبة. |
| 300 | _ap.239-249. | ||
| 504 | _aIncludes references. | ||
| 520 | _aCompost and compost extract efficacy as bio-control agents for damping-off disease of fenugreek plants (Trigonella foenum-greacum) was evaluated. The disease causative fungus, Fusarium solani (Mart.) Sacc, was isolated from El Sharkia Governorate. A pots experiment was carried out for fenugreek cultivation using different combinations of compost, compost extract, and F. solani. Incidence of damping-off, plant growth parameters, and populations of bacteria, fungi, and actinomycetes were deterntined. The results showed that fenugreek plants were highly affected by preemergence damping-off incidence (23.33%), and to a lesser extent by post-emergence damping-off (16.66%). Applying the recommended dose of compost (RDC) and irrigation with compost extract (CE) almost prevented the pre- and post-emergence damping-off (3.33% for both). Such result was concomitant with a decrease in the total number of fungi in most treatments, and a significant increase (P<-0.05) in the total number of bacteria and actinomycetes after 30 and 45 days of cultivation. | ||
| 546 | _aSummary in Arabic. | ||
| 650 | 0 | _aFenugreek. | |
| 650 | 0 | _aDamping-off diseases. | |
| 650 | 0 |
_aDamping-off diseases _xControl. |
|
| 650 | 0 |
_aPhytopathogenic microorganisms _xBiological control. |
|
| 650 | 0 | _aCompost. | |
| 700 | 1 | _aAli, Ali S. | |
| 700 | 1 | _aAbbas, Entsar E. A. | |
| 773 | 0 |
_tZagazig Journal of Agricultural Research. _g2013.v.40(2) _x1110-0338 _7nnas _wu158356 |
|
| 856 | 4 | 0 |
_uhttp://nile.enal.sci.eg/EALE/2013/ZJAR/4013/2/239.pdf _zFull Text Article. |
| 596 | _a1 | ||
| 942 |
_cAR _2lcc |
||
| 999 |
_c56372 _d56372 |
||